Name the Star Wars Characters- Bad Descriptions - Statistics

General Stats
  • This quiz has been taken 52 times
  • The average score is 18 of 26
Answer Stats
Hint Answer % Correct
Has daddy issues Luke Skywalker
100%
Indiana Jones Han Solo
95%
Would definitely enjoy Alabama Leia Skywalker
95%
That funny little green guy... no not Kermit... Yoda
95%
Bigfoot Chewbacca
93%
I'm sorry, you're his WHAT? Darth Vader/ Anakin Skywalker
93%
Is he the comedic relief or the second robot? C3PO
90%
The better Wall-e R2D2
88%
The dorky, yet still cool older brother Obi-wan Kenobi
86%
She married WHO?! Padmé Amidala
83%
Your everyday politician... except maybe less evil Palpatine/ The Emperor
83%
Changed her name because... actually I don't know why Rey
81%
Why does his lightsaber look like that? Is it supposed to be curved? Count Dooku
79%
Really wants to find the chosen one Qui-gon Jin
76%
This week on "My 600lbs Life," we go to space Jabba the Hutt
71%
He's really got his head in the clouds Lando Calrissian
71%
Angsty teen (?) with anger issues Kylo Ren/ Ben Solo
62%
Wait, he has two!? Darth Maul
52%
Another orphan in the Star Wars universe... Maybe a Jedi?? Finn
48%
Another Pilot? And he's ALSO the best in the universe!? Poe Dameron
48%
"I believe I can Fly" Bobba Fett
45%
Came out of nowhere... then became a fan favorite. (TV show) Ahsoka Tano
43%
He should really get checked out, could have asthma General Grievous
40%
Um...Future Jedi master anyone? Baby Yoda/ Grogu
31%
The only stable father figure in Star Wars The Mandalorian
31%
Do NOT take this man hunting, he'll scare all the animals away with his catchphrase Admiral Ackbar
24%
No matching quizzes found
Score Distribution
Percent of People with Each Score
Percentile by Number Answered
Your Score History
You have not taken this quiz